ბათუმის შოთა რუსთაველის სახელმწიფო უნივერსიტეტის ბიბლიოთეკა

არილი. 2022 : (ბიბ.ჩანაწერი № 58798)

000 -LEADER
fixed length control field 00923nam a22001937a 4500
005 - DATE AND TIME OF LATEST TRANSACTION
control field 20230116105812.0
008 - FIXED-LENGTH DATA ELEMENTS--GENERAL INFORMATION
fixed length control field 220912c2022 ge ||||| |||| 00| 0 geo d
022 ## - INTERNATIONAL STANDARD SERIAL NUMBER
International Standard Serial Number 22980954
041 ## - LANGUAGE CODE
Language code of text/sound track or separate title geo
245 ## - TITLE STATEMENT
Title არილი. 2022 :
Remainder of title საზოგადოებრივ-ლიტერატურული ჟურნალი /
Statement of responsibility, etc. რედ.: მალხაზ ხარბედია, ლექსო დორეული, შადიმან შამანაძე.
260 ## - PUBLICATION, DISTRIBUTION, ETC.
Place of publication, distribution, etc. თბილისი,
Date of publication, distribution, etc. 1999-
300 ## - PHYSICAL DESCRIPTION
Extent v.
653 ## - INDEX TERM--UNCONTROLLED
Uncontrolled term არილი
653 ## - INDEX TERM--UNCONTROLLED
Uncontrolled term პერიოდიკა
700 ## - ADDED ENTRY--PERSONAL NAME
Personal name ხარბედია, მალხაზ
Relator term რედაქტორი
9 (RLIN) 14581
700 ## - ADDED ENTRY--PERSONAL NAME
Personal name დორეული, ლექსო
Relator term რედაქტორი
9 (RLIN) 4151
700 ## - ADDED ENTRY--PERSONAL NAME
Personal name შამანაძე, შადიმან
Relator term რედაქტორი
9 (RLIN) 14582
942 ## - ADDED ENTRY ELEMENTS (KOHA)
Source of classification or shelving scheme
Koha item type პერიოდიკა
ეგზემპლარები
Withdrawn status Lost status Source of classification or shelving scheme Damaged status Not for loan Permanent Location Current Location Shelving location Date acquired Serial Enumeration / chronology Barcode Date last seen Copy number Price effective from Koha item type
          ბათუმის შოთა რუსთაველის სახელმწიფო უნივერსიტეტის მთავარი ბიბლიოთეკა ბათუმის შოთა რუსთაველის სახელმწიფო უნივერსიტეტის მთავარი ბიბლიოთეკა წიგნსაცავი 2022-09-12 #2 (302) 2022 80923 p 2022-09-12 80923 2022-09-12 პერიოდიკა
          ბათუმის შოთა რუსთაველის სახელმწიფო უნივერსიტეტის მთავარი ბიბლიოთეკა ბათუმის შოთა რუსთაველის სახელმწიფო უნივერსიტეტის მთავარი ბიბლიოთეკა წიგნსაცავი 2022-09-12 #4 (304) 2022 80924 p 2022-09-12 80924 2022-09-12 პერიოდიკა
          ბათუმის შოთა რუსთაველის სახელმწიფო უნივერსიტეტის მთავარი ბიბლიოთეკა ბათუმის შოთა რუსთაველის სახელმწიფო უნივერსიტეტის მთავარი ბიბლიოთეკა წიგნსაცავი 2023-01-16 #6(306) 2022 80953 2023-01-16 80953 2023-01-16 პერიოდიკა
          ბათუმის შოთა რუსთაველის სახელმწიფო უნივერსიტეტის მთავარი ბიბლიოთეკა ბათუმის შოთა რუსთაველის სახელმწიფო უნივერსიტეტის მთავარი ბიბლიოთეკა წიგნსაცავი 2023-01-16 #7 (307) 2022 80954 2023-01-16 80954 2023-01-16 პერიოდიკა
          ბათუმის შოთა რუსთაველის სახელმწიფო უნივერსიტეტის მთავარი ბიბლიოთეკა ბათუმის შოთა რუსთაველის სახელმწიფო უნივერსიტეტის მთავარი ბიბლიოთეკა წიგნსაცავი 2023-03-24 #8 (308) 2022 81036 p 2023-03-24 81036 2023-03-24 პერიოდიკა
          ბათუმის შოთა რუსთაველის სახელმწიფო უნივერსიტეტის მთავარი ბიბლიოთეკა ბათუმის შოთა რუსთაველის სახელმწიფო უნივერსიტეტის მთავარი ბიბლიოთეკა წიგნსაცავი 2023-03-24 #5 (305) 2022 81042 p 2023-03-24 81042 2023-03-24 პერიოდიკა
          ბათუმის შოთა რუსთაველის სახელმწიფო უნივერსიტეტის მთავარი ბიბლიოთეკა ბათუმის შოთა რუსთაველის სახელმწიფო უნივერსიტეტის მთავარი ბიბლიოთეკა წიგნსაცავი 2024-03-20 #3 (303) 2022 81053 2024-03-20 81053 2024-03-20 პერიოდიკა